000 00711nam a22002177a 4500
003 UA-OsUOA
001 86844
007 ta
008 20120911b un ||||| |||| 00| 0 ukr d
090 _a94(477).09
_bУ45
942 _cBK
040 _aUA-OsUOA
_bukr
_cUA-OsUOA
_dUA-OsUOA
245 _aУкраїна у Великій вітчизняній війні
_bРекомендаційний бібліографічний покажчик
_cУпорядник Ільченко С. Г.
300 _a87 с.
955 _a5
041 _aukr
080 _a94(477).09
260 _aК.
_bПолітвидав
_c1989
650 7 _a9 Географія. Біографії. Історія
_2UDC
999 _c373013
_d373013